Félix de Jesús Rougier : Llamado una respuesta / [por] Luis Díaz Borunda

Uloženo v:
Podrobná bibliografie
Hlavní autor: Díaz Borunda, Luis (autor)
Médium: Kniha
Témata:
Tagy: Přidat tag
Žádné tagy, Buďte první, kdo vytvoří štítek k tomuto záznamu!

MARC

LEADER 00000nam^a2200000^u^4500
001 000546629
005 20250521000000.0
008 060220s1000^^^^^^^^^^^^r^^^^^000^0^spa^d
009 20260526152407.476
035 |a FMI 000016287 
037 |a Acervo Xavier Clavigero 
096 |a 4.4/35/D 
100 |a Díaz Borunda, Luis  |e (autor) 
245 1 0 |a Félix de Jesús Rougier : Llamado una respuesta / [por] Luis Díaz Borunda 
264 |a México : SEFER, 1980 
300 |a 32 p. 
336 |a texto  |b txt  |2 rdacontenido 
337 |a sin mediación  |b n  |2 rdamedio 
338 |a volumen  |b nc  |2 rdasoporte 
649 |a XX 
650 |a SACERDOTES -- FRANCIA 2. ESPIRITUALIDAD SACEROTAL Y RELIGIOSA 
910 |a Fondo Francisco Migoya Covarrubias S.J. 
920 |a Impresos - Libros 
930 |a Fondos Especiales 
905 |a 134 
901 |a SBC23096  |b IT2  |c ESP  |u 20250521 
902 |a https://opac.biblio.iteso.mx/vufind/Record/000546629